Statistics for How Well Do You Know Ariana Grande

Click here to take the quiz!

General Stats

  • This quiz has been taken 1,002 times
  • The average score is 4 of 15

Answer Stats

Hint Answer % Correct
She kissed him in "The Way"Mac Miller
71%
Nickelodeon TV showSam and Cat
67%
What are her fans calledArianators
42%
Her First songPut your hearts up
40%
Her most recent song with Iggy SimmonsProblem
33%
How old is she20
33%
How tall is Ariana5"2
28%
What shoe does she always wearHeels
26%
Her Brothers nameFrankie Grande
23%
YouTube Friend with Green LipsGloZell
23%
Her Dyed Hair ColorRed Velvet
18%
Who did she dateJai Brooks
16%
What is sheItalian
10%
Whats her favorite fruitStrawberries
5%
Who did she tour with in 2013Cody Simpson and Justin Bieber
1%

Score Distribution

Percentile by Number Answered

Percent of People with Each Score

Your Score History

You have not taken this quiz